000 00484nam a2200205Ia 4500
003 OSt
005 20220924134108.0
006 a|||||r|||| 00| 0
007 ta
008 220923b |||||||| |||| 00| 0 snd d
024 _a272148
037 _cTextual
040 _aARTS
_cARTS
_bsnd
041 _2snd
_asnd
082 _aO1593mN61, K1
245 0 _aKahani - holi jo gulal
260 _c1961
942 _hO1593mN61, K1
_cTEXL
_2CC
999 _c436363
_d436363